Statystyki dla Największe muzułmańskie miasta

Kliknij tutaj aby rozwiązać quiz!

Ogólne statystyki

  • Ten quiz został rozwiązany 3 235 razy
  • Średni wynik to 11 z 26

Statystyki odpowiedzi

LudnośćAglomeracja% Poprawnych
21,5 mlnKair
84%
16,2 mlnStambuł
80%
15,5 mlnTeheran
76%
5,15 mlnAnkara
74%
5,70 mlnDubaj
70%
7,15 mlnBagdad
68%
8,40 mlnRijad
67%
4,03 mlnAlgier
66%
3,90 mlnDamaszek
63%
32,1 mlnDżakarta
59%
5,95 mlnAleksandria
49%
4,48 mlnKabul
48%
6,50 mlnChartum
43%
4,55 mlnCasablanca
38%
18,2 mlnKaraczi
38%
20,3 mlnDhaka
37%
4,50 mlnKuwejt
37%
5,70 mlnAmman
36%
3,93 mlnDakar
26%
13,5 mlnLahaur
15%
5,00 mlnĆottogram
12%
5,15 mlnDżudda
12%
6,15 mlnSurabaja
9%
7,05 mlnBandung
8%
4,85 mlnKano
8%
4,08 mlnMedan
6%

Rozkład punktacji

Percentyl według liczby udzielonych odpowiedzi

Procent ludzi z każdym wynikiem

Twoja historia wyników

Nie rozwiązałeś tego quizu